Labor relations. (Record no. 3325)
[ view plain ]
| 000 -LEADER | |
|---|---|
| fixed length control field | 00550nam a22002057a 4500 |
| 003 - CONTROL NUMBER IDENTIFIER | |
| control field | OSt |
| 005 - DATE AND TIME OF LATEST TRANSACTION | |
| control field | 20160324151125.0 |
| 008 - FIXED-LENGTH DATA ELEMENTS--GENERAL INFORMATION | |
| fixed length control field | 160324b xxu||||| |||| 00| 0 eng d |
| 020 ## - INTERNATIONAL STANDARD BOOK NUMBER | |
| International Standard Book Number | 0131293699 |
| 040 ## - CATALOGING SOURCE | |
| Transcribing agency | DDC. |
| 082 ## - DEWEY DECIMAL CLASSIFICATION NUMBER | |
| Classification number | 331SLO 2004 |
| 100 ## - MAIN ENTRY--PERSONAL NAME | |
| Personal name | Sloane,A.Arthur;Witney,Fred; |
| 9 (RLIN) | 7442 |
| 245 ## - TITLE STATEMENT | |
| Title | Labor relations. |
| 250 ## - EDITION STATEMENT | |
| Edition statement | 11th ed |
| 260 ## - PUBLICATION, DISTRIBUTION, ETC. (IMPRINT) | |
| Place of publication, distribution, etc. | New Jersey. |
| Name of publisher, distributor, etc. | Pearson Prentice hall, |
| Date of publication, distribution, etc. | 2004 |
| 300 ## - PHYSICAL DESCRIPTION | |
| Extent | Xvi,459p; |
| Other physical details | ill; |
| Dimensions | 29cm |
| 504 ## - BIBLIOGRAPHY, ETC. NOTE | |
| Bibliography, etc | includes Appendix,Index and Glossary. |
| 650 ## - SUBJECT ADDED ENTRY--TOPICAL TERM | |
| Topical term or geographic name as entry element | Human Resource. |
| 9 (RLIN) | 5954 |
| 942 ## - ADDED ENTRY ELEMENTS (KOHA) | |
| Source of classification or shelving scheme | Dewey Decimal Classification |
| Koha item type | Short Loan |
| Withdrawn status | Lost status | Source of classification or shelving scheme | Damaged status | Not for loan | Home library | Current library | Date acquired | Source of acquisition | Total Checkouts | Full call number | Barcode | Date last seen | Price effective from | Koha item type | Inventory number |
|---|---|---|---|---|---|---|---|---|---|---|---|---|---|---|---|
| Dewey Decimal Classification | MUST Main Library | MUST Main Library | 24/03/2016 | 331SLO 2004 | 2016-0527 | 24/03/2016 | 24/03/2016 | Short Loan | |||||||
| Dewey Decimal Classification | MUST Main Library | MUST Main Library | 24/03/2016 | 331SLO 2004 | 2016-0528 | 24/03/2016 | 24/03/2016 | Short Loan | 06/27773 |
